Regulation of tenancy money - probity and protection, or just potty politics? (Record no. 72922)

MARC details
000 -LEADER
fixed length control field 01512cam a2200253 4500
001 - CONTROL NUMBER
control field ABS66846
008 - FIXED-LENGTH DATA ELEMENTS--GENERAL INFORMATION
fixed length control field 030625n2003 000 0 eng u
035 ## - SYSTEM CONTROL NUMBER
System control number (Sirsi) u122742
100 ## - MAIN ENTRY--PERSONAL NAME
Personal name Ives, P.
245 ## - TITLE STATEMENT
Title Regulation of tenancy money - probity and protection, or just potty politics?
260 ## - PUBLICATION, DISTRIBUTION, ETC.
Date of publication, distribution, etc. 2003
490 ## - SERIES STATEMENT
Series statement Letting Update Journal
Volume/sequential designation 11(1) April 2003, 13-15(3)
520 ## - SUMMARY, ETC.
Summary, etc. Considers the proposals for regulatory control and the introduction of measures to protect tenants deposit money surveyed in the recent government consultation paper. Reviews the need and support for reform, looks at the custodial option of lodging deposits with an independent third party with mandatory insurance protection in particular and the problem area of return of rental deposits. Examines key issues in the consultation paper including what arrangements are made for deposit protection in other countries, evidence from the pilot Tenancy Deposit Scheme (TDS) and its dispute resolution functions. Appends the Lettings Centre's response to the consultation. View "Tenancy money: probity and protection" at www.housing.odpm.gov.uk/.
590 ## - LOCAL NOTE (RLIN)
Local note ABS
650 ## - SUBJECT ADDED ENTRY--TOPICAL TERM
Topical term or geographic name entry element PROPERTY-RESIDENTIAL PROPERTY-RESIDENTIAL LANDLORD AND TENANT-RESIDENTIAL TENANCIES
650 ## - SUBJECT ADDED ENTRY--TOPICAL TERM
Topical term or geographic name entry element DEPOSITS
650 ## - SUBJECT ADDED ENTRY--TOPICAL TERM
Topical term or geographic name entry element DISPUTE RESOLUTION
9 (RLIN) 6236
650 ## - SUBJECT ADDED ENTRY--TOPICAL TERM
Topical term or geographic name entry element TENANCY DEPOSIT SCHEME (TDS)
650 ## - SUBJECT ADDED ENTRY--TOPICAL TERM
Topical term or geographic name entry element LANDLORDS
650 ## - SUBJECT ADDED ENTRY--TOPICAL TERM
Topical term or geographic name entry element TENANTS
650 ## - SUBJECT ADDED ENTRY--TOPICAL TERM
Topical term or geographic name entry element TENANCY MONEY
690 ## - LOCAL SUBJECT ADDED ENTRY--TOPICAL TERM (OCLC, RLIN)
Topical term or geographic name as entry element PROPERTY MANAGEMENT-RESIDENTIAL PROPERTY
942 ## - ADDED ENTRY ELEMENTS (KOHA)
Suppress in OPAC 0
Holdings
Withdrawn status Lost status Source of classification or shelving scheme Damaged status Not for loan Home library Current library Shelving location Date acquired Total Checkouts Full call number Barcode Date last seen Copy number Price effective from Koha item type
    Dewey Decimal Classification     London London Journal article 25/06/2003   ABS66846 122742-1001 06/08/2019 1 06/08/2019 Journal article